Online
Catalog
Normal view MARC view

Entry Nombre de reunión

Number of records used in: 1

001 - NÚMERO DE CONTROL

  • campo de control: 82433

003 - IDENTIFICADOR DEL NÚMERO DE CONTROL

  • campo de control: DO-SdBNP

005 - FECHA Y HORA DE LA ÚLTIMA TRANSACCIÓN

  • campo de control: 20220923153322.0

008 - DATOS DE LONGITUD FIJA

  • campo de control de longitud fija: 220923|| aca||aabn | a|a d

040 ## - FUENTE DE LA CATALOGACIÓN

  • Centro catalogador/agencia de origen: DO-SdBNP
  • Centro/agencia transcriptor: DO-SdBNP

111 ## - ENCABEZAMIENTO--NOMBRE DE CONGRESO/REUNIÓN

  • Nombre de congreso/reunión o jurisdicción como elemento de entrada: Feria Internacional del libro
  • Número del congreso/reunión o número de parte o sección: (21ª:
  • Sede del congreso/Lugar de la reunión: Plaza de la Cultura Juan Pablo Duarte, Santo Domingo)
  • Fecha del congreso/reunión: 2018

670 ## - FUENTE DE DATOS ENCONTRADOS

  • Cita de la fuente: Work cat.: (DO-SdBNP)52459: 71794, Programa :, 2018

Powered by Koha